Online Catalogue and eLibrary

Sexual Exploitation of Children (Record no. 5947)

MARC details
000 -LEADER
fixed length control field 00427nam a22001697a 4500
005 - DATE AND TIME OF LATEST TRANSACTION
control field 20250106060305.0
008 - FIXED-LENGTH DATA ELEMENTS--GENERAL INFORMATION
fixed length control field 250106b |||||||| |||| 00| 0 eng d
082 ## - DDC Classification
DDC Edition Number 5568
Class No. 305.23
Item Number - Author Mark NAN
100 ## - MAIN ENTRY--PERSONAL NAME
Personal name Wanasundera, N P
245 ## - TITLE STATEMENT
Title Sexual Exploitation of Children
Remainder of title In the South Asian Region
260 ## - PUBLICATION, DISTRIBUTION, ETC.
Date of publication, distribution, etc. 1999
300 ## - PHYSICAL DESCRIPTION
Extent (e.g. Volumes, Pages etc.) 77 p.,
650 ## - SUBJECT ADDED ENTRY--TOPICAL TERM
Topical term or geographic name entry element Children
650 ## - SUBJECT ADDED ENTRY--TOPICAL TERM
Topical term or geographic name entry element Sexual exploitation
650 ## - SUBJECT ADDED ENTRY--TOPICAL TERM
Topical term or geographic name entry element South Asia
942 ## - Koha item type (Biblio)
Koha item type Books in Stacks (Lending)
Holdings
Lost status Damaged status Collection code Home library Current library Date acquired Full call number Accession Number Item type
    Lending WERC Library WERC Library 01/06/2025 305.23 NAN 5568 Books in Stacks (Lending)

© WERC Library